00393nam a2200145Ia 4500003000500000008004100005020001800046040001900064082000700083100004000090245005200130260004500182300000800227546001200235STCL181203s9999 xx 000 0 und d a9788184871579 aSTCLbENcSTCL 222 aViswanathan, B.; Scibioh, M. Aulice 0aPhotoelectrochemistry: Principles and practices bNarosa Publishing HouseaNew Delhic2014 a198 aEnglish